[Event "Mombasa op"]
[Site "Shanzu"]
[Date "2022.10.10"]
[Round "5"]
[White "Gichuhi, Brian Chege"]
[Black "Kiugo, Francis Karugu"]
[Result "1-0"]
[WhiteElo "1598"]
[BlackElo "1421"]
[PlyCount "67"]
[EventDate "2022.10.08"]
[EventType "swiss"]
[EventRounds "6"]
[EventCountry "KEN"]
[SourceTitle "EXT 2024"]
[Source "ChessBase"]
[SourceDate "2023.10.10"]
[SourceVersion "1"]
[SourceVersionDate "2023.10.10"]
[SourceQuality "1"]

1. e4 e5 2. Nf3 Nc6 3. Bc4 h6 4. d4 exd4 5. 0-0 Nf6 6. e5 Ng4 7. Bf4 d6 8. exd6 Bxd6 9. Re1+ Be7 10. Nbd2 0-0 11. Ne4 Kh8 12. Ng3 g5 13. Bd2 f6 14. h3 Nce5 15. Nxe5 Nxe5 16. Qh5 Kg7 17. Bb3 c5 18. Qe2 d3 19. Qe4 Bd6 20. Nh5+ Kh8 21. cxd3 f5 22. Qd5 Nxd3 23. Bc3+ Kh7 24. Red1 Nxb2 25. Bxb2 Be7 26. Qe5 Bf6 27. Nxf6+ Qxf6 28. Qxf6 Rxf6 29. Bxf6 b5 30. Rd8 Bb7 31. Rxa8 Bxa8 32. Rc1 c4 33. Bxc4 bxc4 34. Rxc4 1-0

[Event "KEN-chT"]
[Site "Nairobi"]
[Date "2019.03.24"]
[Round "7.3"]
[White "Kiugo, Francis Karugu"]
[Black "Dominic, Carlos Kiema"]
[Result "1-0"]
[WhiteElo "1411"]
[BlackElo "1323"]
[PlyCount "53"]
[EventDate "2019.02.09"]
[EventType "team-tourn"]
[EventRounds "27"]
[EventCountry "KEN"]
[SourceTitle "CBM 192 Extra"]
[Source "Chessbase"]
[SourceDate "2019.11.06"]
[SourceVersion "1"]
[SourceVersionDate "2019.11.06"]
[SourceQuality "1"]
[WhiteTeam "Kenyatta University"]
[BlackTeam "Eastlands"]
[WhiteTeamCountry "KEN"]
[BlackTeamCountry "KEN"]

1. c4 e5 2. Nc3 Nf6 3. Nf3 Nc6 4. g3 Bb4 5. Bg2 0-0 6. 0-0 b6 7. a3 Bxc3 8. bxc3 Bb7 9. Nxe5 Nxe5 10. Bxb7 Rb8 11. Bd5 c6 12. d4 Ng6 13. Bg2 Re8 14. Re1 Qe7 15. e4 h6 16. e5 Nh7 17. Qh5 Rbc8 18. Bd2 Nhf8 19. f4 Qd8 20. f5 Nh8 21. f6 gxf6 22. Bxh6 fxe5 23. Bxf8 Rxf8 24. Be4 Ng6 25. Bxg6 fxg6 26. Qxg6+ Kh8 27. Rxe5 1-0